01670cam a22003495a 4500001001000000003000400010005001700014008004100031015001900072016001800091020001500109020001800124040003700142082002000179100004300199245004300242250001200285260005400297300002900351490003000380500002400410504004100434505046600475520008800941650003301029650003001062651001001092653002101102942002401123999001701147952015601164017543833OSt20160728101600.0150803s2016 enk frb 001|0|eng|d aGBB5C39322bnb7 a0175438332Uk a052113207X a9780521132077 aStDuBDSbengcStDuBDSdEG-ScBUE 04222a349.42bHAR1 aHarris, Phil,‏ ‎d1949-‏ 94049113aAn introduction to law /cPhil Harris. a8th ed. aCambridge : bCambridge University Press, c2016. axxviii, 494 p. ;c25 cm.0 aThe law in context series aIndex : p. 481-494. aIncludes bibliographical references. aPart I: 1. Law and society; 2. Law and morality; 3. Law and the regulations of economic activity; 4. Some important legal concepts; 5. Law and the settlement of disputes; 6. The making of legal rules; 7. The legal profession; Part II: 8. The European dimension of English law; 9. Liability in English law: the law of tort; 10. Liability in English law: crime and the criminal justice system; 11. The development and role of the contract; 12. Law and government. aAn extensively updated introduction to law through a 'law in context' perspective.  7aLaw 2BUEshzEngland.940492 7aLaw2BUEshzWales.940493 2BUEsh bLLAAWWcJuly2016 2ddce22k349.42 HAR c22051d22023 00102ddc40708BaccahaMAINbMAINc1STd2016-07-28ePurchaseg450.00h26080l6m9o349.42 HARp000032958r2025-07-15 00:00:00s2024-04-29v562.50yBB